[Event "PRVA LIGA CENTRALNE SRBIJE 2018."]
[Site "Kragujevac,hotel Sumarice"]
[Date "2018.09.18"]
[Round "7.6"]
[White "Zivanovic, Bojan"]
[Black "Novoselski, Zoran"]
[Result "1-0"]
[WhiteElo "2093"]
[BlackElo "2356"]
[PlyCount "171"]
[EventDate "2018.09.14"]
[WhiteTeam "Krusik Valjevo"]
[BlackTeam "Radnicki Vodovod Kragujevac"]

1. e4 e5 2. Nf3 Nc6 3. Nc3 Nf6 4. Bc4 Nxe4 5. Nxe4 d5 6. Bd3 dxe4 7. Bxe4 Bd6
8. d4 Nxd4 9. Nxd4 exd4 10. Qxd4 O-O 11. Be3 Qe7 12. O-O-O Re8 13. Bd5 Be5 14.
Qc5 Qf6 15. Bd4 c6 16. Bf3 Bf5 17. Rhe1 Bxd4 18. Rxe8+ Rxe8 19. Qxd4 Qh6+ 20.
Kb1 Qxh2 21. Qxa7 Qe5 22. Qd4 Qa5 23. a3 h6 24. g4 Be6 25. Qb4 Qa7 26. Qd4 c5
27. Qf4 c4 28. Qd4 Qa5 29. c3 Qg5 30. Rd2 f5 31. gxf5 Bxf5+ 32. Ka2 b5 33. Bd5+
Kh7 34. f3 Bd3 35. f4 Qe7 36. Rxd3 cxd3 37. Qxd3+ Kh8 38. Qxb5 Rf8 39. a4 Qd6
40. c4 Rb8 41. Qa5 Qxf4 42. Qc3 Qd6 43. a5 Rc8 44. Qa3 Qa6 45. Qb4 Qa7 46. Qb6
Qd7 47. Qb5 Qa7 48. a6 g6 49. Bb7 Rc5 50. Qe8+ Kg7 51. Qe7+ Kh8 52. Qd8+ Kh7
53. Qe7+ Kh8 54. Qf8+ Kh7 55. Qf7+ Kh8 56. Qxg6 Ra5+ 57. Kb1 Qe3 58. Qf6+ Kh7
59. Qf7+ Kh8 60. Qf3 Qxf3 61. Bxf3 Rxa6 62. Kc2 Kg7 63. b4 Rf6 64. Bd5 Kf8 65.
Kd3 Ke7 66. c5 Rf1 67. Kc4 h5 68. b5 h4 69. b6 Rb1 70. Be4 Rb2 71. Kd5 h3 72.
Kc6 Kd8 73. Kb7 h2 74. c6 Rc2 75. Kb8 Rc4 76. c7+ Kd7 77. Bd5 Rc5 78. Bb7 Rc2
79. Bd5 Rc1 80. Kb7 Rc5 81. Bh1 Rc1 82. Kb8 Rc3 83. Bb7 Rc1 84. c8=Q+ Rxc8+ 85.
Bxc8+ Kc6 86. Ka7 1-0